01082nam a2200277 a 4500001001000000003000900010005001700019007001000036008004100046040002200087110010300109245009400212260005200306300002100358490004000379504003300419700002900452830004100481930004000522942001200562952009700574956004000671956003800711956004000749999001500789000026176DO-SdBNP20150506114825.0000026176110303s1980 dr 000 0 spa d aBPMETbspacBPMET2 aRepública DominicanabSecretaría de Estado de FinanzasbInstituto de Capacitación Tributaria10aImpuestos sobre la renta :bteoría y técnica del impuesto /cRoque García Mullín. aSanto Domingo :bEditorial Alfa y Omega,c1980. a225 p. ;c22 cm.1 aManual de finanzas Públicasvno.5 aBibliografía : p. 223 -2251 aGarcía Mullín, Roque 0aManual de finanzas Públicasvno. 5 1lBND01mLF1820150210f04pHDg46972 2ddccBK 00102ddc40708DOMaBPMETbBPMETd2015-05-06l0pBPMET15051567r2015-05-06w2015-05-06yBK aYPOLANCOb10c20110303lBND01h1620 aVMATEOb10c20110427lBND01h1452 aVMATEOb10c20150506lBMET02h00151 c7801d7801